000 00460nam a2200181 a 4500
001 1758288235661
003 YourLibrary
005 20250920112001.0
008 250919s2009##################000#0#eng##
020 _a9780719595202
082 0 4 _a155.915
_bMIG
100 1 _aMighall, Robert,
_eauthor.
245 1 0 _aSunshine :
260 _bJohn Murray Publishers,
_c2009.
650 0 _aSunshine.
942 _cENGLISH
040 _aYourLibrary
_beng
_cYourLibrary
999 _c588263
_d588263